| 000 | 00000nam 22000008i 4500 |
| 001 | 9.912708 |
| 003 | CaOODSP |
| 005 | 20250910142446 |
| 006 | m o d f |
| 007 | cr ||||||||||| |
| 008 | 220624t20222022onco ob f000 0 fre d |
| 020 | |z9780660418636 |
| 040 | |aCaOODSP|bfre|erda|cCaOODSP |
| 043 | |an-cn--- |
| 086 | 1 |aD2-452/2022F-PDF|zD2-452/2022-PDF |
| 245 | 02|aL'éthos des Forces armées canadiennes : |bdigne de servir. |
| 264 | 1|a[Ottawa] : |bDéfense nationale = National Defence, |c[2022] |
| 264 | 4|c©2022 |
| 300 | |a1 ressource en ligne (63 pages) : |bphotographies en couleur |
| 336 | |atexte|btxt|2rdacontent/fre |
| 337 | |ainformatique|bc|2rdamedia/fre |
| 338 | |aressource en ligne|bcr|2rdacarrier/fre |
| 500 | |aPublié aussi en anglais sous le titre : Canadian Armed Forces ethos : trusted to serve. |
| 500 | |aPublié aussi en format HTML. |
| 504 | |aComprend des références bibliographiques (pages 60-61). |
| 610 | 16|aCanada. |bForces armeĢes canadiennes. |
| 650 | 6|aMorale militaire|zCanada. |
| 710 | 1 |aCanada. |bMinistère de la défense nationale, |eorganisme de publication. |
| 775 | 08|tCanadian Armed Forces ethos : |w(CaOODSP)9.912703 |
| 856 | 40|qPDF|s5.30 Mo|uhttps://publications.gc.ca/collections/collection_2022/mdn-dnd/D2-452-2022-fra.pdf |
| 856 | 4 |qHTML|sS.O.|uhttps://www.canada.ca/fr/ministere-defense-nationale/organisation/rapports-publications/l-ethos-des-forces-armees-canadiennes-digne-de-servir.html |